| 000 | 00596nam a2200157 a 4500 | ||
|---|---|---|---|
| 008 | 120416s0000 ||||||||||||||||| || u | ||
| 020 | _a0852582242 | ||
| 050 | _aHF 5635 Far | ||
| 100 | _aFarmer, E. R | ||
| 245 | 1 | 0 | _aUnderstanding and interpreting company reports and accounts |
| 246 | _aa test with workbooks and answers | ||
| 260 |
_aWokingham, Berkshire _bVan Nostrand Reinhold _c1983 |
||
| 300 | _aix, 268p. : ill | ||
| 350 | _a0.00 | ||
| 995 |
_D0.00 _FCBU-MAIN LIBRARY (Kitwe) _H1 _I8.95 _UAVAILABLE _ZMain Library Open Access Collection |
||
| 999 |
_c60657 _d60657 |
||